000 00529nam a2200181Ia 4500
999 _c13475
_d13475
003 OSt
005 20201116103647.0
008 190216s9999||||xx |||||||||||||| ||und||
020 _a0304313521
040 _coclc
082 _a428.24
_bALL/C
100 _aAllsop, Jake
_96596
245 0 _aCassell`S Students English Grammar /
_cJake Allsop
260 _bEnglish Language Book Society,
_c1986.
_aLondon;
300 _a327p
650 _aEnglish Grammar
942 _cBK
_2ddc
_h428.24
_iALL/C
_k428.24
_mALL/C